Learning and teaching support materials and their use /

Saved in:
Bibliographic Details
Corporate Author: South Africa. Department of Education. National Environmental Education Project for General Education and Training.
Other Authors: Olivier, Cliff., Gon, Jenny.
Format: Book
Language:English
Published: [Pretoria : National Environmental Education Project for General Education and Training (NEEP-GET), Department of Education, 2004].
Series:Supporting environment in the curriculum.
Subjects:
Tags: Add Tag
No Tags, Be the first to tag this record!
LEADER 01256nam a2200277Ka 4500
001 011293473-0
005 20090708192800.0
008 070724s2004 sa a f000 0 eng d
020 |a 1919991026 
020 |a 9781919991023 
035 0 |a ocn156918883 
040 |a OI@  |c OI@ 
043 |a f-sa--- 
110 1 |a South Africa.  |b Department of Education.  |b National Environmental Education Project for General Education and Training. 
245 1 0 |a Learning and teaching support materials and their use /  |c National Environmental Education Project for General Education and Training, NEEP-GET, Department of Education, Republic of South Africa. 
260 |a [Pretoria :  |b National Environmental Education Project for General Education and Training (NEEP-GET), Department of Education,  |c 2004]. 
300 |a 62 p. :  |b ill. ;  |c 21 cm. 
490 1 |a Supporting environment in the curriculum 
500 |a "NEEP-GET summative writing team: Cliff Olivier ... [et al.] ; final editing and proofing: Jenny Gon"--Prelim. 
650 0 |a Environmental education  |z South Africa. 
650 0 |a Curriculum planning  |z South Africa. 
700 1 |a Olivier, Cliff. 
700 1 |a Gon, Jenny. 
830 0 |a Supporting environment in the curriculum. 
988 |a 20071023 
906 |0 OCLC